| 000 | 00930nam a2200253Ia 4500 | ||
|---|---|---|---|
| 008 | 130821s1992 sp gr spa | ||
| 020 | _a8476583419 | ||
| 040 |
_aCo-BoUCM _bspa |
||
| 041 | 0 | 0 | _aspa |
| 100 | 1 |
_aAllison, Henry E. _993821 |
|
| 245 | 1 | 3 |
_aEl idealismo trascendental de Kant una interpretación y defensa _cHenry E. Allison. |
| 260 |
_aBarcelona (España) _bAnthropos; México Universidad Autónoma Metropolitana _c1992 |
||
| 300 | _a525 páginas | ||
| 490 |
_aAutores, textos y temas, filosofía _n40 |
||
| 504 | _aIncluye índices y bibliografía | ||
| 600 | 1 | 4 |
_aKant, Immanuel _d1724-1804 _xPensamiento filosófico _954353 |
| 650 | 0 | 4 |
_aFilosofía alemana _97622 |
| 650 | 0 | 4 |
_aFilosofía _975 |
| 650 | 0 | 4 |
_aIdealismo _917110 |
| 650 | 0 | 4 |
_aKantismo _97773 |
| 765 |
_tKant's trascendental idealism _ban intrepretation. |
||
| 942 |
_cLIBRO _a2 _e1 _mA438i _2DEWEY _h193 |
||
| 999 |
_c30537 _d30537 |
||